LEADER 01610nam 2200385 n 450 001 996391721503316 005 20200824121739.0 035 $a(CKB)4940000000108441 035 $a(EEBO)2240932745 035 $a(UnM)99863414e 035 $a(UnM)99863414 035 $a(EXLCZ)994940000000108441 100 $a19930422d1659 uy | 101 0 $aeng 135 $aurbn||||a|bb| 200 14$aThe copy of a letter from an officer under the Lord Lambert, giving an account of a rising in Derby$b[electronic resource] $eOf Col. Charles White, his proclaiming Booth's declaration. And how they were dispersed. Communicated in letters from Col. Sanders, Col. Mitchell, and Major Barton to the Lord Lambert. With the last news from Chester, and Leverpoole 210 $aLondon $cprinted for Thomas Brewster$d1659 215 $a[2], 4, [2] p 300 $aSigned at end: S.S. 300 $aThe last leaf is blank. 300 $aAnnotation on Thomason copy: "Aug. 26". 300 $aReproduction of the original in the British Library. 330 $aeebo-0018 607 $aDerbyshire (England)$xHistory$y17th century$vEarly works to 1800 607 $aGreat Britain$xHistory$yCommonwealth and Protectorate, 1649-1660$vEarly works to 1800 700 $aS. S$01005771 701 $aLambert$b John$f1619-1683.$01005103 801 0$bCu-RivES 801 1$bCu-RivES 801 2$bCStRLIN 801 2$bWaOLN 906 $aBOOK 912 $a996391721503316 996 $aThe copy of a letter from an officer under the Lord Lambert, giving an account of a rising in Derby$92333014 997 $aUNISA LEADER 01400nas 2200493- 450 001 996211850403316 005 20240204213017.0 011 $a2051-5707 035 $a(DE-599)ZDB2711961-0 035 $a(OCoLC)870602936 035 $a(CKB)2670000000335262 035 $a(CONSER)--2020204958 035 $a(EXLCZ)992670000000335262 100 $a20140216auuuu9999 --- a 101 0 $aeng 135 $aur||||||||||| 181 $ctxt$2rdacontent 182 $cc$2rdamedia 183 $acr$2rdacarrier 200 00$aRecherche et applications en marketing (English edition) 205 $aEnglish edition. 210 1$aLondon :$cSage Publications 215 $a1 online resource 517 1 $aRAM 606 $aMarketing$zFrance$vPeriodicals 606 $aMarketing$zFrance$vPériodiques 606 $aMarketing$2fast 607 $aFrance$2fast 608 $aPeriodical 608 $aperiodicals.$2aat 608 $aPeriodicals$2fast 608 $aPeriodicals.$2lcgft 608 $aPériodiques.$2rvmgf 610 10$aMarketing (General) 610 10$aMarketing (algemeen) 615 0$aMarketing 615 6$aMarketing 615 7$aMarketing 676 $a658.8 712 02$aAssociation française du marketing. 906 $aJOURNAL 912 $a996211850403316 996 $aRecherche et applications en marketing (English edition)$92015939 997 $aUNISA